[Event "Washington op"]
[Site "Washington DC "]
[Date "2015.10.07"]
[Round "1"]
[White "Sarkar, Justin"]
[Black "Mays, Shelly"]
[Result "1-0"]
[WhiteElo "2401"]
[BlackElo "2033"]
[PlyCount "71"]
[EventDate "2015.10.07"]
[EventType "swiss"]
[EventRounds "9"]
[EventCountry "USA"]
[SourceTitle "CBM 168 Extra"]
[Source "ChessBase"]
[SourceDate "2015.10.29"]
[SourceVersion "1"]
[SourceVersionDate "2015.10.29"]
[SourceQuality "1"]

1. d4 Nf6 2. c4 c5 3. d5 e5 4. Nc3 d6 5. e4 Be7 6. g3 Nbd7 7. Bg2 Nf8 8. Nge2 Ng6 9. a3 0-0 10. 0-0 h6 11. b4 b6 12. f4 exf4 13. gxf4 Nh4 14. e5 Nh7 15. Be4 Bh3 16. Rf2 f5 17. Bh1 cxb4 18. axb4 Bg4 19. Qb3 Kh8 20. Nd4 Rg8 21. Nc6 Qe8 22. Nb5 Bd8 23. h3 Qh5 24. hxg4 Qxg4+ 25. Kf1 g5 26. Nxd6 Rg7 27. Nxd8 Rxd8 28. Bb2 Kg8 29. e6 gxf4 30. Qc3 Rxd6 31. Qxg7+ Qxg7 32. Bxg7 Kxg7 33. Rxa7+ Kg6 34. Rd7 Rxd7 35. exd7 Nf6 36. d8Q 1-0